Jadikanlah dia jodohku (Record no. 140802)

MARC details
000 -LEADER
fixed length control field 00746nam a2200253 i 4500
001 - CONTROL NUMBER
control field C2-0344034
003 - CONTROL NUMBER IDENTIFIER
control field PPAK
005 - DATE AND TIME OF LATEST TRANSACTION
control field 20180728145036.0
008 - FIXED-LENGTH DATA ELEMENTS--GENERAL INFORMATION
fixed length control field 171210s my |||| ||||| | may d
020 ## - INTERNATIONAL STANDARD BOOK NUMBER
International Standard Book Number 9789672035084
040 ## - CATALOGING SOURCE
Original cataloging agency PPAK
Language of cataloging eng
Transcribing agency PPAK
Description conventions rda
082 04 - DEWEY DECIMAL CLASSIFICATION NUMBER
Classification number 899.233
Edition number 23
090 00 - LOCALLY ASSIGNED LC-TYPE CALL NUMBER (OCLC); LOCAL CALL NUMBER (RLIN)
Classification number (OCLC) (R) ; Classification number, CALL (RLIN) (NR) 899.233
Feature heading AZI
Feature heading G
100 0# - MAIN ENTRY--PERSONAL NAME
Personal name Azieana,
Relator term author
245 10 - TITLE STATEMENT
Title Jadikanlah dia jodohku
264 #1 - PRODUCTION, PUBLICATION, DISTRIBUTION, MANUFACTURE, AND COPYRIGHT NOTICE
Place of production, publication, distribution, manufacture Bandar Baru Bangi, Selangor :
Name of producer, publisher, distributor, manufacturer Kaseh Aries Publication ,
Date of production, publication, distribution, manufacture, or copyright notice [date of publication not identified]
300 ## - PHYSICAL DESCRIPTION
Extent 523 pages ;
Dimensions 18 cm
336 ## - CONTENT TYPE
Source rdacontent
Content type term text
337 ## - MEDIA TYPE
Source rdamedia
Media type term unmediated
338 ## - CARRIER TYPE
Source rdacarrier
Carrier type term volume
650 10 - SUBJECT ADDED ENTRY--TOPICAL TERM
Topical term or geographic name entry element Malay fiction.
700 0# - ADDED ENTRY--PERSONAL NAME
Personal name Editorial Kaseh Aries Publication,
Relator term editor
942 ## - ADDED ENTRY ELEMENTS (KOHA)
-- dc
Koha item type Book
Holdings
Withdrawn Not for loan Current library Shelving location Date acquired Full call number Barcode Date last seen Koha item type Total Checkouts Date last checked out Total Renewals
    Perpustakaan Bandar Baharu Pinjaman Dewasa 14/12/2017 899.233 AZI A01550569 07/03/2024 Book 2 18/02/2024  
    Perpustakaan Jitra Pinjaman Dewasa 14/12/2017 899.233 AZI A01550565 09/09/2025 Book 5 17/08/2025  
    Perpustakaan Langkawi Pinjaman Dewasa 14/12/2017 899.233 AZI A01550566 29/10/2024 Book 9 07/10/2024 4
    Perpustakaan Merbok Pinjaman Dewasa 14/12/2017 899.233 AZI A01550570 29/03/2023 Book 6 22/03/2023 1
    Perpustakaan Yan Pinjaman Dewasa 14/12/2017 899.233 AZI A01550571 30/08/2020 Book 2 09/08/2020  
    Bergerak 5, Kulim Pinjaman Dewasa 14/12/2017 899.233 AZI A01550578 09/05/2018 Book      
    PD01, Kg. Bendang Raja, Kuala Nerang Pinjaman Dewasa 14/12/2017 899.233 AZI A01550579 09/05/2018 Book      
    PD03, Kg. Pulau Pisang, Jitra Pinjaman Dewasa 14/12/2017 899.233 AZI A01550581 09/05/2018 Book      
    PD06, Kg. Kepala Bukit, Pendang Pinjaman Dewasa 14/12/2017 899.233 AZI A01550584 09/05/2018 Book      
    PD07, Kg. Jelutong, Sik Pinjaman Dewasa 14/12/2017 899.233 AZI A01550585 09/05/2018 Book